000 00949nam a22002057a 4500
999 _c5481
_d5481
005 20251125232801.0
008 s2540 th tha d
040 _aNALT
041 _atha
050 _aJQ1749.A795 ม234ท 2540
245 1 0 _aทรรศนะว่าด้วยเรื่องการปรับปรุงและพัฒนาระบบพรรคการเมือง
260 3 _aกรุงเทพฯ :
_bสถาบันดำรงราชานุภาพ สำนักงานปลัดกระทรวงมหาดไทย,
_c2540
300 _a1 เล่ม ;
_b 29 ซม.
650 0 4 _aพรรคการเมือง -- สถานภาพทางกฎหมาย
650 0 4 _aพรรคการเมือง -- ไทย -- 2538--2546
850 _aNALT
856 4 0 _uhttps://hdl.handle.net/20.500.14156/336631
942 _cGB
_2lcc